Measuring outcome in the public sector (Record no. 7086)

MARC details
000 -LEADER
fixed length control field 00873nam a2200229Ia 4500
008 - FIXED-LENGTH DATA ELEMENTS--GENERAL INFORMATION
fixed length control field 191130s1996##################000#0#eng##
020 ## - INTERNATIONAL STANDARD BOOK NUMBER
International Standard Book Number 9780748404032
022 ## - INTERNATIONAL STANDARD SERIAL NUMBER
International Standard Serial Number 95048128
040 ## - CATALOGING SOURCE
Original cataloging agency ACL
Transcribing agency ACL
082 ## - DEWEY DECIMAL CLASSIFICATION NUMBER
Classification number 361.610941 SMI
245 ## - TITLE STATEMENT
Title Measuring outcome in the public sector
Statement of responsibility, etc. edited by Peter Smith
260 ## - PUBLICATION, DISTRIBUTION, ETC.
Place of publication, distribution, etc. London
Name of publisher, distributor, etc. Taylor & Francis
Date of publication, distribution, etc. 1996
300 ## - PHYSICAL DESCRIPTION
Extent xi, 212 p. ; 25 cmc
500 ## - GENERAL NOTE
General note Papers based on seminars held at the University of York. Includes bibliographical references and index
650 ## - SUBJECT ADDED ENTRY--TOPICAL TERM
Topical term or geographic name entry element Administrative agencies - Great Britain - Evaluation - Congresses
Topical term or geographic name entry element Evaluation research (Social action programs) - Great Britain - Congresses
Topical term or geographic name entry element Great Britain - Social policy - 1979- - Evaluation - Congresses
700 ## - ADDED ENTRY--PERSONAL NAME
Personal name Smith, Peter
990 ## - EQUIVALENCES OR CROSS-REFERENCES [LOCAL, CANADA]
Link information for 9XX fields b0ea633bac10000c67875fefb923991d
991 ## -
-- 346712
Holdings
Withdrawn status Lost status Damaged status Not for loan Home library Current library Shelving location Date acquired Total Checkouts Full call number Barcode Date last seen Price effective from Koha item type
        Anna Centenary Library Anna Centenary Library 4TH FLOOR, A WING 09.10.2020   361.610941 SMI 178497 09.10.2020 09.10.2020 English Books

Find us on the map